000 00464nam a2200169Ia 4500
008 240729s9999 xx 000 0 und d
022 _a2667-6370
245 0 _aTurkish Journal of Anaesthesiology and Reanimation
260 _aTürkiye
260 _bGalenos Publishing House
650 _a Anesthesiology
650 _a Surgery
650 _aMedicine
856 _uhttps://doaj.org/toc/c4a2a52e3d4745c0b541fe7c80822b91
942 _2ddc
942 _cDOAJEJ
999 _c69730
_d69730
945 _a1
_bMadushi Gamage
_c1
_dMadushi Gamage